LDR 00752naa#a2200181#i#450# 001 EN\\bibl\123368 005 20260706020021.1 011 ## _a1994-4683 100 ## _a20230731b2023####ek#y0engy0150####ca 102 ## _aRU 200 1# _aFEATURES OF MOTIVATION OF SCIENTIFIC ACTIVITY OF STUDENTS OF AGRARIAN UNIVERSITY _eJournal article 210 1# _aMoscow _cNational State University of Physical Education, Sports and Health named after P.F. Lesgaft _d2023 215 ## _a5 с. 608 ## _aJournal article _2local 675 ## _aСтуденческие союзы и объединения научного или профессионального характера. 378.184 _z 700 #1 _aGoncharenko _gO N 700 #1 _aKrasnolobova _gE P 856 4# _auchzapiski.lesgaft.spb.ru _u